000 00616nam a2200181 i 4500
001 97410
003 ES-MaACL
005 20251011063118.0
007 t|
008 050712s1947 sp ||||1| spa d
100 1 _aMaravall, José Antonio,
_d1911-1986
_976329
245 1 4 _aLos reglamentos de las Cámaras Legislativas y el Sistema de Comisiones /
_cJosé Antonio Maravall.
260 _aMadrid :
_bInstituto de Estudios Políticos,
_c1947.
300 _a181 p. ;
_c16 cm.
710 2 _aInstituto de Estudios Políticos (Madrid)
_94924
852 _aES-MaACL
_jC-4918
_bR.25488
999 _c97410
_d97410